WTO kinh doanh và tự vệ /
Сохранить в:
| Главный автор: | |
|---|---|
| Формат: | |
| Язык: | Vietnamese |
| Опубликовано: |
Hà Nội
2007
|
| Метки: |
Добавить метку
Нет меток, Требуется 1-ая метка записи!
|
| Thư viện lưu trữ: | Mạng thư viện Đại học Đà Nẵng |
|---|
| LEADER | 00625nam a2200265 4500 | ||
|---|---|---|---|
| 001 | 000028501 | ||
| 003 | WTO07 | ||
| 005 | 20150403120000.0 | ||
| 008 | 150403s vm 000 vie | ||
| 020 | |c 0,0000 | ||
| 040 | |a notts | ||
| 100 | |a Trương Cường | ||
| 245 | |a WTO kinh doanh và tự vệ / |c Trương Cường(chủ biên). | ||
| 260 | |b Hà Nội |c 2007 | ||
| OWN | |a LTT | ||
| 999 | |a From the UDN01 | ||
| TYP | |a Monograph | ||
| TYP | |a Printed language | ||
| 980 | |a Mạng thư viện Đại học Đà Nẵng | ||